000 00716cam a2200217 4500500
005 20260329015430.0
041 _afre
042 _adc
100 1 0 _aNun, Pierrick
_eauthor
700 1 0 _aColacino, Évelina
_eauthor
700 1 0 _aMartinez, Jean
_eauthor
700 1 0 _aLamaty, Frédéric
_eauthor
700 1 0 _aMalacria, Max
_eauthor
700 1 0 _aGoddard, Jean-Philippe
_eauthor
700 1 0 _aOllivier, Cyril
_eauthor
245 0 0 _aSolvent-free chemistry
260 _c2026.
500 _a44
786 0 _nChemical risk prevention manager | - | 2026-03-11 | p. 8-8
856 4 1 _uhttps://stm.cairn.info/synthesis-routes-and-alternative-solvents--bdti42492210-k1220-page-8?lang=en&redirect-ssocas=7080
999 _c1897886
_d1897886